[Event "Troya op 21st"]
[Site "Canakkale"]
[Date "2013.08.24"]
[Round "9"]
[White "Koc, Suleyman Sarp"]
[Black "Sen, Sezgin"]
[Result "1-0"]
[WhiteElo "2009"]
[BlackElo "1841"]
[PlyCount "153"]
[EventDate "2013.08.17"]
[EventType "swiss"]
[EventRounds "9"]
[EventCountry "TUR"]
[SourceTitle "CBM 156 Extra"]
[Source "ChessBase"]
[SourceDate "2013.10.22"]
[SourceVersion "1"]
[SourceVersionDate "2013.10.22"]
[SourceQuality "1"]

1. e4 e5 2. f4 d5 3. exd5 e4 4. d3 Nf6 5. dxe4 Nxe4 6. Nf3 Bc5 7. Qe2 Qe7 8. Be3 Bxe3 9. Qxe3 0-0 10. Nbd2 Re8 11. 0-0-0 Nd7 12. Bd3 Nd6 13. Qxe7 Rxe7 14. Rhe1 Rxe1 15. Rxe1 Nf6 16. c4 Kf8 17. Kc2 b6 18. Nd4 g6 19. a4 Bd7 20. Nb5 Nxb5 21. axb5 a5 22. bxa6 Rxa6 23. Ne4 Nxe4 24. Bxe4 Ra4 25. Kc3 Ra5 26. b4 Ra3+ 27. Kd4 Ra4 28. Rb1 Ke7 29. Rb2 Kd6 30. Bc2 Ra1 31. c5+ Ke7 32. d6+ cxd6 33. cxb6 Ra6 34. b7 Rb6 35. Be4 Kd8 36. b5 Kc7 37. Rc2+ Kb8 38. Bc6 Bxc6 39. bxc6 Kc7 40. g4 Rb4+ 41. Rc4 Rb5 42. Ke3 Rb3+ 43. Ke4 Rb5 44. Kd4 Rb3 45. h3 Rb5 46. Ke3 Rb3+ 47. Ke4 Rb5 48. Kd4 Rb3 49. Ke4 Rb5 50. Rc3 Rb4+ 51. Kf3 Rb2 52. h4 Rb1 53. h5 Rb4 54. h6 Rb2 55. Kg3 Rb1 56. Kh4 d5 57. Kg5 d4 58. Rd3 Kxc6 59. Rxd4 Rxb7 60. Kf6 Kc5 61. Rd1 Ra7 62. f5 Rb7 63. Kg7 gxf5 64. gxf5 f6+ 65. Kxf6 Ra7 66. Ke6 Ra6+ 67. Ke7 Rxh6 68. f6 Rh2 69. f7 Re2+ 70. Kf6 Rf2+ 71. Kg7 Rg2+ 72. Kxh7 Rf2 73. Kg7 Rg2+ 74. Kf6 Rf2+ 75. Ke7 Re2+ 76. Kd8 Rf2 77. Rd7 1-0

[Event "Troya op 21st"]
[Site "Canakkale"]
[Date "2013.08.19"]
[Round "4"]
[White "Hasman, Cengiz"]
[Black "Sen, Sezgin"]
[Result "1-0"]
[WhiteElo "2152"]
[BlackElo "1841"]
[PlyCount "51"]
[EventDate "2013.08.17"]
[EventType "swiss"]
[EventRounds "9"]
[EventCountry "TUR"]
[SourceTitle "CBM 156 Extra"]
[Source "ChessBase"]
[SourceDate "2013.10.22"]
[SourceVersion "1"]
[SourceVersionDate "2013.10.22"]
[SourceQuality "1"]

1. d4 d5 2. c4 e6 3. Nc3 Nf6 4. cxd5 exd5 5. Bg5 Nbd7 6. e3 Be7 7. Bd3 0-0 8. Qc2 Re8 9. Nf3 Nf8 10. 0-0 c6 11. h3 Bd6 12. Rad1 h6 13. Bh4 g5 14. Bg3 g4 15. Ne5 gxh3 16. f4 Nh5 17. Qf2 Qf6 18. Kh2 Qg7 19. gxh3 Qxg3+ 20. Qxg3+ Nxg3 21. Rg1 Bxe5 22. dxe5 Ne6 23. Rxg3+ Kf8 24. Rdg1 Bd7 25. f5 Nc5 26. f6 1-0